<An> extension of mixed estimation, with an application to forecasting new product growth.
Metóda a technika zmiešaných odhadov - výklad pojmu, teoretické opodstatnenia, dôvody a kontraverzie jej použitia. Použitie tejto techniky na prognózovanie tempa rozvoja na trhu nových výrobkov. Model Bass - použitie zmiešaných odhadov v modeli Bass.
Uložené v:
| Hlavný autor: | |
|---|---|
| Médium: | Kapitola |
| Jazyk: | English |
| Predmet: | |
| Tagy: |
Žiadne tagy, Buďte prvý, kto otaguje tento záznam!
|
MARC
| LEADER | 00000naa a2200000 4500 | ||
|---|---|---|---|
| 001 | r007788 | ||
| 005 | 20221130103038.4 | ||
| 041 | 0 | |a eng | |
| 044 | |a AT | ||
| 245 | 1 | 0 | |a <An> extension of mixed estimation, with an application to forecasting new product growth. |c P. Kennedy |
| 520 | |a Metóda a technika zmiešaných odhadov - výklad pojmu, teoretické opodstatnenia, dôvody a kontraverzie jej použitia. Použitie tejto techniky na prognózovanie tempa rozvoja na trhu nových výrobkov. Model Bass - použitie zmiešaných odhadov v modeli Bass. | ||
| 610 | 2 | 0 | |a prognózovanie |
| 610 | 2 | 0 | |a trh |
| 610 | 2 | 0 | |a výrobky nové |
| 610 | 2 | 0 | |a techniky výskumné |
| 610 | 2 | 0 | |a modely regresné |
| 610 | 2 | 0 | |a Bass |
| 610 | 2 | 0 | |a dopyt |
| 610 | 2 | 0 | |a odhad štatistický |
| 100 | 1 | |a Kennedy, Peter | |